Revista Contadura̕ Pb︢lica

Detalles Bibliográficos
Formato: Desconocido
Lenguaje:español
Publicado: Mx̌ico : Instituto Mexicano de Contadores Pb︢licos
Materias:
Acceso en línea:Acceso restringido

MARC

LEADER 00000ny a22000003n 4500
005 20110513132812.0
008 071017c20089999mx mr pss 0 a0spa d
022 |a 1870-4883 
035 |a 5091 
040 |a BUS  |d vLex 
090 |c 1885  |d 1885 
245 3 0 |a Revista Contadura̕ Pb︢lica  |h [Recurso electrn̤ico] 
256 |a Servicio en ln̕ea 
260 |a Mx̌ico :  |b Instituto Mexicano de Contadores Pb︢licos  
310 |a Mensual 
506 1 |a Contenido solo disponible en los productos indicados  |d vLex Global  |d vLex Global (Academic Edition, excluding Law Schools)  |d vLex Global (U.S. Academic Edition, Law Schools)  |d vLex Global (U.S. Academic Edition, excluding Law Schools)  |d vLex Global (Academic Edition, Law Schools) 
650 0 4 |a Contabilidad publica  |2 Tesauro vLex 
650 0 4 |a Derecho presupuestario  |2 Tesauro vLex 
740 0 |a vLex Revista (Servicios en ln̕ea) 
843 |a Electrn̤ica. Abierta 
853 |8 1  |i (year)  |j (month)  |k (day) 
856 4 |u http://vlex.com/source/5091  |z Acceso restringido 
942 |c REV